| 000 | 01231cam a2200325 a 4500 | ||
|---|---|---|---|
| 001 | 233982 | ||
| 003 | OSt | ||
| 005 | 20160324151951.0 | ||
| 008 | 980608s1998 ne a b 001 0 eng d | ||
| 010 | _a 99203969 | ||
| 015 | _aGB98-X6288 | ||
| 020 | _a0412729903 | ||
| 020 | _a0412730006 (pbk) | ||
| 035 | _a(OCoLC)40755052 | ||
| 040 |
_aUk _cUk _dDLC |
||
| 042 | _alccopycat | ||
| 050 | 0 | 0 |
_aTD194.6 _b.M67 1998 |
| 082 | 0 | 0 |
_a333.7 _221 _bMOR 1998 |
| 100 | 1 |
_aMorgan, Richard K. _97448 |
|
| 245 | 1 | 0 |
_aEnvironmental impact assessment : _ba methodological perspective / _cRichard K. Morgan. |
| 260 |
_aDordrecht ; _aBoston : _bKluwer Academic Publishers, _c1998. |
||
| 300 |
_axii, 307 p. : _bill. ; _c24 cm. |
||
| 504 | _aIncludes bibliographical references (p. [288]-300) and index. | ||
| 650 | 0 |
_aEnvironmental impact analysis. _97449 |
|
| 856 | 4 | 2 |
_3Publisher description _uhttp://www.loc.gov/catdir/enhancements/fy0821/99203969-d.html |
| 856 | 4 | 1 |
_3Table of contents only _uhttp://www.loc.gov/catdir/enhancements/fy0821/99203969-t.html |
| 906 |
_a7 _bcbc _ccopycat _d2 _encip _f19 _gy-gencatlg |
||
| 942 |
_2ddc _cSLOAN |
||
| 999 |
_c3326 _d3326 |
||